| Tag |
First Indicator |
Second Indicator |
Subfields |
| LEADER |
00000ccm a2200000 a 4500 |
| 001 |
in00001300713 |
| 005 |
20151005050551.0 |
| 008 |
881109r19851969hu syb hi n N/A d |
| 028 |
2 |
0 |
|a U.E.3395
|b Universal Edition
|
| 028 |
3 |
0 |
|a Z. 9028
|b Editio Musica
|
| 035 |
|
|
|a (OCoLC)18730671
|
| 035 |
|
|
|9 AHA3188AM
|
| 040 |
|
|
|a WYU
|c WYU
|d TXA
|d UtOrBLW
|
| 041 |
0 |
|
|g eng
|g fre
|g ger
|
| 048 |
|
|
|a oa
|
| 049 |
|
|
|a TXAM
|
| 090 |
|
|
|a M1001
|b .M23 no.9, 1985
|
| 100 |
1 |
|
|a Mahler, Gustav,
|d 1860-1911.
|
| 240 |
1 |
0 |
|a Symphonies,
|n no. 9
|
| 245 |
1 |
0 |
|a Symphonie IX /
|c Gustav Mahler.
|
| 250 |
|
|
|a Revidierte Fassung.
|
| 264 |
|
1 |
|a Budapest :
|b Editio Musica,
|c [1985?]
|
| 264 |
|
4 |
|c ©1969
|
| 300 |
|
|
|a 1 miniature score (182 pages) :
|b facsimiles ;
|c 19 cm.
|
| 306 |
|
|
|a 011500
|
| 336 |
|
|
|a notated music
|b ntm
|2 rdacontent
|
| 337 |
|
|
|a unmediated
|b n
|2 rdamedia
|
| 338 |
|
|
|a volume
|b nc
|2 rdacarrier
|
| 500 |
|
|
|a Publisher's number: Philharmonia Partituren number 472.
|
| 500 |
|
|
|a Reprint. First published in this edition: Wien : Universal Edition, 1969.
|
| 500 |
|
|
|a Pref. by "F.S." in German, English, and French.
|
| 500 |
|
|
|a Duration: approximately 1:15:00.
|
| 500 |
|
|
|a Publisher's number: Z. 9028.
|
| 500 |
|
|
|a Pl. number: U.E.3395.
|
| 650 |
|
0 |
|a Symphonies
|v Scores.
|
| 999 |
|
|
|a MARS
|
| 999 |
f |
f |
|s e5e5c135-4751-36fc-85a0-3fcb6b0cd888
|i fbe1b9bb-1634-3526-a7c4-87d8695c9fb6
|t 0
|
| 952 |
f |
f |
|p ric
|a Texas A&M University
|b Rellis Campus
|c Joint Library Facility
|d Remote Storage
|t 0
|e M1001.M23 no.9 1985
|h Library of Congress classification
|i unmediated -- volume
|m A14819913160
|
| 998 |
f |
f |
|a M1001.M23 no.9 1985
|t 0
|l Remote Storage
|